[Event "ENG-ch Schools"]
[Site "Nottingham"]
[Date "2025.06.25"]
[Round "4.4"]
[White "Liu, Bruce"]
[Black "Wang, Alan"]
[Result "0-1"]
[WhiteElo "1668"]
[BlackElo "1471"]
[PlyCount "58"]
[EventDate "2025.06.25"]
[EventType "team-swiss"]
[EventRounds "6"]
[EventCountry "ENG"]
[SourceTitle "CB27_2025"]
[SourceDate "2025.07.02"]
[SourceVersion "1"]
[SourceVersionDate "2025.07.02"]
[SourceQuality "1"]
[WhiteTeam "Newcastle"]
[BlackTeam "Eton College"]
[WhiteTeamCountry "ENG"]
[BlackTeamCountry "ENG"]

1. e4 c5 2. Nc3 Nc6 3. Bc4 Nf6 4. d3 g6 5. Nge2 Bg7 6. Be3 d6 7. h3 e6 8. Qd2 d5 9. exd5 exd5 10. Bxd5 Nxd5 11. Nxd5 Qxd5 12. Nf4 Qd6 13. Qe2 0-0 14. 0-0-0 Nd4 15. Qd2 Be6 16. b3 Qa6 17. a4 b5 18. Qe1 bxa4 19. bxa4 Qxa4 20. Bxd4 Qxd4 21. Ne2 Qb2+ 22. Kd2 c4 23. Rb1 c3+ 24. Ke3 Qxc2 25. Rc1 Qb3 26. Nxc3 Rac8 27. d4 Bd5 28. Kd3 Rfe8 29. Qd2 Bc4# 0-1